| 000 | 01218nam a2200241 i 4500 | ||
|---|---|---|---|
| 001 | 63213 | ||
| 003 | ES-MaACL | ||
| 005 | 20250809040609.0 | ||
| 007 | t| | ||
| 008 | 031202s1945 it ||||1| ita d | ||
| 100 | 1 |
_aFerrara, Luigi. _950296 |
|
| 245 | 1 | 0 |
_aDiritto privato attuale / _cLuigi Ferrara. |
| 260 |
_aRoma : _bEdizioni Italiane, _c[1945] ( _fTip. Universita) |
||
| 300 |
_a2 v. ; _c26 cm. |
||
| 510 |
_aICCU, _c0063079 |
||
| 650 | 7 |
_aDerecho civil _2embne _911656 |
|
| 852 |
_aES-MaACL _jD-6423 _bR.31866 _bR.M. 6018 _cSVI _fSello en tinta azul de la Biblioteca del Ateneo de Madrid _gAnotación manuscrita en cubierta: "10" _pv.1 _zEn cubierta:"22. MAR. 1952" _zEtiqueta: " Santo Vanasia, Madrid, San Mateo, 21/Pts. 93,75" _965605 _dE/M-343 |
||
| 852 |
_aES-MaACL _jD-6424 _bR.31866 _bR.M. 6019 _cSVI _fSello en tinta azul de la Biblioteca del Ateneo de Madrid _gAnotación manuscrita en cubierta: "11" _pv.2 _zEn cubierta:"22. MAR. 1952" _zEtiqueta: " Santo Vanasia, Madrid, San Mateo, 21/Pts. 93,75" _9204919 |
||
| 942 |
_2udc _cMONOGRAFIA |
||
| 999 |
_c63213 _d63213 |
||